Comuni della Provincia di Siena - Statistics

Statistiche generali
  • Questo quiz è stato fatto 20 volte
  • Il punteggio medio è 22 su 35
Statistiche sulle risposte
Comune % Corretto
Asciano
86%
Chiusi
86%
Siena
86%
Montalcino
79%
Montepulciano
79%
Pienza
79%
Poggibonsi
79%
Sovicille
79%
Buonconvento
71%
Cetona
71%
Colle Val d'Elsa
71%
Piancastagnaio
71%
Rapolano Terme
71%
San Quirico d'Orcia
71%
Sinalunga
71%
Abbadia San Salvatore
64%
Castelnuovo Berardenga
64%
Chianciano Terme
64%
Casole d'Elsa
57%
Chiusdino
57%
Monteriggioni
57%
Radicofani
57%
San Casciano dei Bagni
57%
San Gimignano
57%
Sarteano
57%
Torrita di Siena
57%
Castiglione d'Orcia
50%
Monteroni d'Arbia
50%
Murlo
50%
Radicondoli
50%
Trequanda
50%
Castellina in Chianti
43%
Gaiole in Chianti
43%
Radda in Chianti
43%
Monticiano
36%
Nessun quiz corrispondente trovato
Distribuzione punteggi
Percentuale di utenti per punteggio
Percentile per numero di risposta
I tuoi punteggi nel tempo
Non hai fatto questo quiz